000 00616nam a22002177a 4500
003 UA-OsUOA
001 78362
007 ta
008 20111011b un ||||| |||| 00| 0 ukr d
100 _aДодонов О.
090 _a330(477)
_bД60
942 _cSA
040 _aUA-OsUOA
_bukr
_cUA-OsUOA
_dUA-OsUOA
245 _aОбгрунтування категорії "сфера праці"
300 _aС.39-46
955 _a0
041 _aukr
080 _a330(477)
773 0 _w78357
_tУкраїна: аспекти праці
_dК.
_d2011
_g6
650 7 _a330 Економіка взагалі
_2UDC
999 _c364670
_d364670